000 00541nam a2200181Ia 4500
999 _c14102
_d14102
082 _aTS.0859
100 _aSubrahmanyam, A.
245 0 _aFederalism in India : A politico-legal study
260 _c1996
_bAndhra University
300 _a446p.
650 _aFEDERAL-STATE RELATIONS//FEDERAL GOVERNMENT
650 _aINDIA - POLITICS AND GOVERNMENT
650 _aFEDERAL-STATE CONTROVERSIES - INDIA
650 _aFEDERAL GOVERNMENT - INDIA
650 _aFEDERALISM//FEDERAL GOVERNMENT
710 _aLakshminath, A.
942 _cTH
_2ddc